The legacy of Melvin L. Hodges (Registro nro. 57360)
[ vista simple ]
| 000 -LÍDER | |
|---|---|
| Campo fijo de descripción fija | 01429aab a2200241 i 4500 |
| 001 - NÚMERO DE CONTROL | |
| Campo de control | 768714001 |
| 003 - IDENTIFICADOR DEL NÚMERO DE CONTROL | |
| Campo de control | CO-MdFUSB |
| 005 - FECHA Y HORA DE LA ULTIMA TRANSACCIÓN | |
| control field | 20240806114306.0 |
| 008 - ELEMENTOS DE LONGITUD FIJA -- INFORMACIÓN GENERAL | |
| Campo fijo de descripción fija -- Información general | 240806t1997 -us||||| |||| 00| 0 eng d |
| 040 ## - FUENTE DE CATALOGACIÓN | |
| Idioma de catalogación | spa |
| Agencia que realiza la transcripción | CO-MdFUSB |
| 041 ## - CÓDIGO DE IDIOMA | |
| Código de idioma para texto/pista de sonido o título separado | eng |
| 100 1# - ASIENTO PRINCIPAL--NOMBRE PERSONAL | |
| Nombre personal | McGee, Gary B. |
| Término relacionador | autor |
| 245 #4 - TÍTULO | |
| Título | The legacy of Melvin L. Hodges |
| Mención de responsabilidad | / Gary B. McGee |
| 520 ## - NOTA DE RESUMEN, ETC. | |
| Nota de sumario, etc. | Hodges representa el misionero por excelencia de las misiones pentecostales anteriores: alguien que carecía de una formación misiológica formal pero que era obediente al llamado divino y rápido para adaptarse como aprendiz cuando surgían las necesidades. <br/>Sin haber obtenido nunca un diploma de secundaria, contribuyó a la formación de miles de misioneros y decenas de miles de pastores y evangelistas del Tercer Mundo. Mientras los fundamentalistas y los evangélicos se estremecían ante la expansión mundial del pentecostalismo, Hodges se ganó la admiración y la amistad de los principales misiólogos; el crecimiento de la iglesia pentecostal no podía ignorarse. |
| 546 ## - NOTA DE IDIOMA | |
| Nota de idioma | Texto en inglés. |
| 650 #0 - ASIENTO SECUNDARIO DE MATERIA - TERMINO TEMÁTICO | |
| Término temático o nombre geográfico como elemento de entrada | Evangelización |
| 9 (RLIN) | 362 |
| 650 #7 - ASIENTO SECUNDARIO DE MATERIA - TERMINO TEMÁTICO | |
| Término temático o nombre geográfico como elemento de entrada | Misioneros |
| 9 (RLIN) | 931 |
| 650 #0 - ASIENTO SECUNDARIO DE MATERIA - TERMINO TEMÁTICO | |
| Término temático o nombre geográfico como elemento de entrada | Biografías cristianas |
| 9 (RLIN) | 1238 |
| 650 #0 - ASIENTO SECUNDARIO DE MATERIA - TERMINO TEMÁTICO | |
| Término temático o nombre geográfico como elemento de entrada | Cristianismo y otras religiones |
| 9 (RLIN) | 1247 |
| 773 0# - ASIENTO DE ITEM FUENTE | |
| Título | International Bulletin |
| Biblionumber | 49483 |
| Itemnumber | 61007 |
| Parte(s) relacionada(s) / Volumen., número. (mes año), páginas | Volumen 22, (número 1, 1998), páginas: 20 - 24 |
| Enumeración y primera página | página: 20 |
| 942 ## - TIPO DE MATERIAL (KOHA) | |
| Tipo de Item KOHA | Artículos de Revista |
| 945 ## - INFORMACIÓN LOCAL DEL REGISTRO | |
| Catalogador | Catherine Arias Álvarez - Practicante SENA |
No hay ítems disponibles.
